[Event "Offene Hessische Senioren Einzelmeisters"]
[Site "Bad Sooden- Allendorf"]
[Date "2013.04.24"]
[Round "5.72"]
[White "Brahn, Helmut"]
[Black "Hartlaub, Marianne"]
[Result "1-0"]
[WhiteElo "1547"]
[BlackElo "1388"]
[PlyCount "120"]
[EventDate "2013.??.??"]
[WhiteTeam "SG Springer Burghaun"]
[BlackTeam "SK 1982 Klingenberg/Main"]

1. c4 g6 2. d4 Bg7 3. e4 d6 4. h3 c6 5. Nf3 f5 6. exf5 Bxf5 7. Nc3 Nf6 8. Bd3
Qd7 9. O-O O-O 10. Re1 Bxd3 11. Qxd3 a6 12. Ng5 Re8 13. Ne6 Bh8 14. Bh6 b5 15.
c5 d5 16. Re3 a5 17. Ne2 Ne4 18. N2f4 Bf6 19. f3 Ng3 20. Nxg6 Nh5 21. Qf5 Ng7
22. Bxg7 Bxg7 23. Nxg7 Qxf5 24. Nxe7+ Kxg7 25. Nxf5+ Kf8 26. Rxe8+ Kxe8 27.
Re1+ Kf8 28. Re7 Na6 29. Rxh7 Kg8 30. Rh6 Nb4 31. a3 Nd3 32. Rxc6 Nxb2 33. Ne7+
Kf7 34. Nxd5 Rb8 35. Rb6 Rd8 36. Rb7+ Kf8 37. Nf4 Ra8 38. Rxb5 Nc4 39. Rb3 a4
40. Rc3 Nd2 41. c6 Ke7 42. d5 Kd6 43. Kf2 Nb3 44. h4 Nc5 45. h5 Rb8 46. Ke3 Rb3
47. Kd2 Rb2+ 48. Kc1 Rf2 49. c7 Nb3+ 50. Rxb3 Kxc7 51. Rc3+ Kd7 52. Rc4 Rf1+
53. Kd2 Rh1 54. Rxa4 Kd6 55. Ra5 Ra1 56. a4 Ra2+ 57. Kc3 Kc7 58. Rc5+ Kd6 59.
Kb4 Rb2+ 60. Ka5 Ke5 1-0

[Event "Offene Hessische Senioren Einzelmeisters"]
[Site "Bad Sooden- Allendorf"]
[Date "2013.04.24"]
[Round "5.73"]
[White "Hegner, Peter"]
[Black "Husser, Oskar"]
[Result "1/2-1/2"]
[WhiteElo "1521"]
[BlackElo "1664"]
[PlyCount "96"]
[EventDate "2013.??.??"]
[WhiteTeam "SC Bad Soden"]
[BlackTeam "SC Caissa Falkensee e.V."]

1. e4 d5 2. exd5 Nf6 3. d4 Bg4 4. Be2 Bxe2 5. Qxe2 Qxd5 6. Nf3 Nc6 7. O-O Nxd4
8. Nxd4 Qxd4 9. Rd1 Qb6 10. Nc3 e6 11. b3 Be7 12. Na4 Qc6 13. Rd3 O-O 14. Bg5
Qb5 15. Bxf6 Bxf6 16. Rad1 Rad8 17. h3 g6 18. Qf3 Kg7 19. c4 Qb4 20. Qe3 b6 21.
Rxd8 Rxd8 22. Rxd8 Bxd8 23. Nc3 a6 24. Ne4 Qe7 25. Qc3+ e5 26. f4 f6 27. fxe5
Qxe5 28. Qxe5 fxe5 29. Kf2 Kf7 30. Kf3 Ke6 31. Nc3 Kf5 32. g3 h5 33. Ne4 Be7
34. Nc3 c6 35. Ne4 b5 36. cxb5 axb5 37. Nc3 Bb4 38. Ne4 Ke6 39. Ke3 Be7 40. g4
hxg4 41. hxg4 b4 42. Kd3 Kd5 43. Ke3 Bh4 44. Kd3 c5 45. Nd2 Bf2 46. Ne4 Bh4 47.
Nd2 Be7 48. Ne4 Bh4 1/2-1/2

[Event "Offene Hessische Senioren Einzelmeisters"]
[Site "Bad Sooden- Allendorf"]
[Date "2013.04.24"]
[Round "5.74"]
[White "Otto, Klaus"]
[Black "Kolkwitz, Klaus"]
[Result "1/2-1/2"]
[WhiteElo "1520"]
[BlackElo "1658"]
[PlyCount "31"]
[EventDate "2013.??.??"]
[WhiteTeam "Thüringer SV Triebes"]
[BlackTeam "ESV 1949 Eberswalde e.V."]

1. e4 d6 2. d4 Nf6 3. Nc3 g6 4. h3 Bg7 5. e5 dxe5 6. dxe5 Qxd1+ 7. Nxd1 Nd5 8.
f4 Nc6 9. c3 f6 10. exf6 exf6 11. Bc4 Be6 12. Bb5 Kf7 13. Ne2 Nce7 14. O-O c6
15. Bc4 Rad8 16. Ne3 1/2-1/2

[Event "Offene Hessische Senioren Einzelmeisters"]
[Site "Bad Sooden- Allendorf"]
[Date "2013.04.24"]
[Round "5.75"]
[White "Bill, Eugen"]
[Black "Aepfler, Gerhard"]
[Result "0-1"]
[WhiteElo "1496"]
[BlackElo "1657"]
[PlyCount "48"]
[EventDate "2013.??.??"]
[WhiteTeam "SV Lahn Limburg"]
[BlackTeam "TSG Apolda"]

1. d4 d5 2. c4 e5 3. dxe5 d4 4. Nf3 Nc6 5. a3 f6 6. exf6 Nxf6 7. Bg5 h6 8. Bc1
Bg4 9. Nbd2 a5 10. g3 Bc5 11. Bg2 O-O 12. O-O Qe8 13. Nb3 Ba7 14. Qc2 Qh5 15.
Bf4 Bf5 16. Qd1 Rac8 17. Nbd2 g5 18. Be5 Ng4 19. h3 Ngxe5 20. Nxe5 Nxe5 21. g4
Bxg4 22. hxg4 Nxg4 23. Bd5+ Kg7 24. Nf3 Rxf3 0-1

[Event "Offene Hessische Senioren Einzelmeisters"]
[Site "Bad Sooden- Allendorf"]
[Date "2013.04.24"]
[Round "5.76"]
[White "Hespers, Rolf"]
[Black "Papenkordt, Karl-Hermann"]
[Result "1/2-1/2"]
[WhiteElo "1516"]
[BlackElo "1648"]
[PlyCount "73"]
[EventDate "2013.??.??"]
[WhiteTeam "TuS Osterburg Weida"]
[BlackTeam "SG Witten"]

1. d4 d5 2. Nf3 Nf6 3. e3 e6 4. Bd3 c5 5. c3 Nc6 6. Nbd2 Bd6 7. O-O cxd4 8.
Nxd4 O-O 9. Nxc6 bxc6 10. e4 Qc7 11. h3 Rd8 12. Qe2 Bb7 13. Re1 Bc5 14. e5 Nd7
15. Nb3 Bf8 16. Bg5 Rdc8 17. Kh1 c5 18. Bc2 a5 19. f4 Nb6 20. Nd2 a4 21. f5 Ba6
22. Qh5 g6 23. fxg6 fxg6 24. Qg4 Re8 25. Bxa4 Nxa4 26. Qxa4 Bc4 27. Qc2 Ba6 28.
Nf3 Bg7 29. Re3 Qb6 30. Bf4 Red8 31. Nh4 d4 32. cxd4 cxd4 33. Rb3 d3 34. Qd2
Qd4 35. Nf3 Qc5 36. Rc1 Qd5 37. Rbc3 1/2-1/2

[Event "Offene Hessische Senioren Einzelmeisters"]
[Site "Bad Sooden- Allendorf"]
[Date "2013.04.24"]
[Round "5.77"]
[White "Fromme, Werner"]
[Black "Hielscher, Klaus"]
[Result "1-0"]
[WhiteElo "1643"]
[BlackElo "1519"]
[Annotator ",Microsoft"]
[PlyCount "60"]
[EventDate "2013.??.??"]
[WhiteTeam "SG Witten"]
[BlackTeam "Braunschweiger SF"]

1. d4 Nf6 2. g3 e6 3. Bg2 d5 4. Bg5 Nbd7 5. Nd2 h6 6. Bxf6 Nxf6 7. e3 b6 8. c4
c6 9. Qa4 Bd7 10. Qb3 Bd6 11. f4 O-O 12. Ne2 a5 13. a4 Bb4 14. Nc3 Ng4 15. Ke2
Rb8 16. h3 Nf6 17. Qc2 Nh5 18. Kf2 f5 19. Bf3 Nf6 20. b3 Be8 21. Rag1 Ne4+ 22.
Ncxe4 dxe4 23. Be2 Qf6 24. h4 h5 25. Nb1 g6 26. Rc1 c5 27. Rhd1 cxd4 28. Rxd4
Bc5 29. Rdd1 e5 30. Rh1 Qd6 {Rest nicht rekonstruierbar} 1-0

[Event "Offene Hessische Senioren Einzelmeisters"]
[Site "Bad Sooden- Allendorf"]
[Date "2013.04.24"]
[Round "5.78"]
[White "Mittelstaedt, Ewald"]
[Black "Rüggeberg, Wilhelm"]
[Result "1-0"]
[WhiteElo "1375"]
[BlackElo "1641"]
[PlyCount "73"]
[EventDate "2013.??.??"]
[WhiteTeam "SC Tarrasch 45 München"]
[BlackTeam "Sfr.Saarburg-Trier"]

1. d4 Nf6 2. Nf3 d5 3. c3 c6 4. Bg5 Nbd7 5. Nbd2 e6 6. Ne5 Be7 7. Nxd7 Nxd7 8.
Bxe7 Qxe7 9. Nf3 e5 10. dxe5 Nxe5 11. Nxe5 Qxe5 12. Qd4 f6 13. e3 O-O 14. Bd3
Re8 15. O-O-O Bg4 16. Qxg4 Rad8 17. Qh4 g6 18. Rhe1 f5 19. g3 Qc7 20. Qg5 Qg7
21. g4 fxg4 22. Qxg4 a6 23. h4 Re5 24. Rg1 Rf8 25. Qg3 Rfe8 26. Rde1 Kh8 27. f4
R5e7 28. Qf3 Qh6 29. h5 gxh5 30. Rg5 h4 31. Rh5 Qf6 32. Bxh7 Rxh7 33. Rxh7+
Kxh7 34. Qh5+ Qh6 35. Qxe8 h3 36. Rg1 Qh4 37. Qg8+ 1-0

[Event "Offene Hessische Senioren Einzelmeisters"]
[Site "Bad Sooden- Allendorf"]
[Date "2013.04.24"]
[Round "5.79"]
[White "Stratmann, Alois"]
[Black "Schütze, Manfred"]
[Result "1/2-1/2"]
[WhiteElo "1366"]
[BlackElo "1629"]
[PlyCount "55"]
[EventDate "2013.??.??"]
[WhiteTeam "SV Ahlen 1954 e.V."]
[BlackTeam "VfL Gräfenhainichen"]

1. c4 c5 2. Nc3 Nc6 3. Nf3 e6 4. g3 g6 5. Bg2 Bg7 6. O-O Nge7 7. d3 O-O 8. a3
d5 9. cxd5 exd5 10. Rb1 h6 11. Bd2 Be6 12. b4 cxb4 13. axb4 Rc8 14. Na4 b6 15.
b5 Na5 16. Bxa5 bxa5 17. Qd2 Bd7 18. d4 a6 19. Nc3 axb5 20. Nxb5 Bf5 21. Rbc1
Qb6 22. Nc3 Qa6 23. Rfe1 Rb8 24. Nh4 Be6 25. Nf3 Nc6 26. e3 Qa7 27. Na4 Nb4 28.
Nc5 1/2-1/2

[Event "Offene Hessische Senioren Einzelmeisters"]
[Site "Bad Sooden- Allendorf"]
[Date "2013.04.24"]
[Round "5.80"]
[White "Stuiber, Wilhelm"]
[Black "Baier, Peter"]
[Result "1-0"]
[WhiteElo "1627"]
[BlackElo "1479"]
[Annotator ",Microsoft"]
[PlyCount "107"]
[EventDate "2013.??.??"]
[WhiteTeam "SK Turm Euskirchen 65"]
[BlackTeam "TTC Blau-Weiß Geldern Veert e.V."]

1. e3 Nf6 2. d4 d5 3. f4 Bf5 4. Nf3 Nc6 5. c3 a6 6. Be2 e6 7. O-O h6 8. Ne5
Nxe5 9. fxe5 Nd7 10. Nd2 Qe7 11. a4 f6 12. exf6 Nxf6 13. b3 O-O-O 14. Ba3 Qd7
15. Bxf8 Rhxf8 16. b4 Ne4 17. Qc1 Nxd2 18. Qxd2 Be4 19. a5 Rxf1+ 20. Rxf1 Qe7
21. Bg4 Kb8 22. Qf2 Bf5 $11 23. Be2 Qg5 24. Qf4 Qg6 25. g4 Ka7 26. h4 Bd3 27.
h5 Qe4 28. Qxe4 dxe4 29. Bxd3 exd3 30. Rd1 e5 31. Rxd3 exd4 32. Rxd4 Re8 33.
Kf2 Re7 34. e4 b6 35. Ke3 bxa5 36. bxa5 Kb7 37. Rd5 Re6 38. e5 g6 39. Kd4 Kc6
40. c4 gxh5 41. gxh5 Re8 42. Rc5+ Kb7 43. Kd5 Rd8+ 44. Ke6 Rf8 45. Rd5 Kc8 46.
Ke7 Rf5 47. e6 Rf4 48. c5 Kb7 49. Ke8 Kc6 50. Rd7 Rg4 51. Rh7 Kxc5 52. Kd7 Rd4+
53. Kxc7 Rd6 54. e7 1-0

[Event "Offene Hessische Senioren Einzelmeisters"]
[Site "Bad Sooden- Allendorf"]
[Date "2013.04.24"]
[Round "5.81"]
[White "Lübbers, Dr. Doris"]
[Black "Vladov, Mark"]
[Result "1/2-1/2"]
[WhiteElo "1335"]
[BlackElo "1615"]
[PlyCount "52"]
[EventDate "2013.??.??"]
[WhiteTeam "Sfr. Taunus Königstein/Schwalbac"]
[BlackTeam "SF Ostsee Warnemünde"]

1. d4 Nf6 2. Nf3 g6 3. e3 Bg7 4. Bd3 O-O 5. O-O d6 6. c3 Nbd7 7. Nbd2 e5 8.
dxe5 dxe5 9. Ne4 Nxe4 10. Bxe4 Kh8 11. Qe2 Nc5 12. Bc2 e4 13. Nd4 f5 14. b4 Ne6
15. Nxe6 Bxe6 16. Bb2 c6 17. Rfd1 Qc7 18. Bb3 Bxb3 19. axb3 Be5 20. c4 Qg7 21.
Bxe5 Qxe5 22. Rab1 Rad8 23. g3 Qe7 24. c5 a6 25. Qc4 Rd7 26. Rd4 Rfd8 1/2-1/2

[Event "Offene Hessische Senioren Einzelmeisters"]
[Site "Bad Sooden- Allendorf"]
[Date "2013.04.24"]
[Round "5.82"]
[White "Van Vorselen, Theo"]
[Black "Kluge, Hans C"]
[Result "1-0"]
[WhiteElo "1595"]
[BlackElo "1371"]
[PlyCount "75"]
[EventDate "2013.??.??"]
[WhiteTeam "DD Den Haag"]
[BlackTeam "Bahn-SC Wuppertal"]

1. e4 d6 2. d4 Nf6 3. Nc3 g6 4. Bg5 Bg7 5. e5 Nfd7 6. f4 f6 7. exf6 Nxf6 8. Bd3
Nc6 9. Nf3 a6 10. a3 Bg4 11. Be2 Qd7 12. h3 Bf5 13. g4 Be4 14. Bxf6 Bxf3 15.
Bxg7 Bxh1 16. Bxh8 O-O-O 17. d5 Na7 18. Bd4 c5 19. Bf2 Rf8 20. Bf3 Bxf3 21.
Qxf3 e5 22. dxe6 Qxe6+ 23. Qe3 Qf6 24. Bg3 Nc6 25. O-O-O Nd4 26. Re1 Kd7 27.
Nd5 Qf7 28. Qe7+ Kc6 29. Qxf7 Rxf7 30. Nc3 b5 31. b4 Kd7 32. bxc5 dxc5 33. Re5
Kc6 34. Re8 a5 35. Ne2 Kd7 36. Re5 Ne6 37. f5 Nd4 38. Nxd4 1-0

[Event "Offene Hessische Senioren Einzelmeisters"]
[Site "Bad Sooden- Allendorf"]
[Date "2013.04.24"]
[Round "5.83"]
[White "Hampe, Werner"]
[Black "Wauer, Klaus"]
[Result "1-0"]
[WhiteElo "1587"]
[BlackElo "1399"]
[Annotator ",Microsoft"]
[PlyCount "52"]
[EventDate "2013.??.??"]
[WhiteTeam "SK Lister Turm"]
[BlackTeam "SC 51 Nordhausen"]

1. c4 b6 2. Nc3 Bb7 3. e4 e6 4. Nf3 Bb4 5. d3 Bxc3+ 6. bxc3 Nf6 7. g3 h6 8. Bg2
d6 9. O-O O-O 10. Re1 e5 11. a4 a5 12. Rb1 Nbd7 13. Nh4 Kh7 14. Nf5 Ng8 15. d4
Qf6 16. Ba3 Bc8 17. Bc1 Re8 18. f4 g6 19. Nh4 Nf8 20. Rf1 Qg7 21. Rb2 Ba6 22.
Qd3 Rad8 23. Rff2 f6 24. d5 Nd7 25. Qe2 Nc5 26. Bh3 Nxa4 {Rest nicht
rekonstruierbar} 1-0

[Event "Offene Hessische Senioren Einzelmeisters"]
[Site "Bad Sooden- Allendorf"]
[Date "2013.04.24"]
[Round "5.84"]
[White "Schmieder, Wolfgang"]
[Black "Grasmik, Waldemar"]
[Result "1-0"]
[WhiteElo "1586"]
[BlackElo "1358"]
[PlyCount "107"]
[EventDate "2013.??.??"]
[WhiteTeam "Kasseler SK 1876"]
[BlackTeam "TSV 1876 Bad Kissingen"]

1. c4 d5 2. cxd5 c6 3. dxc6 Nxc6 4. Nc3 a6 5. Nf3 g6 6. g3 h5 7. Bg2 Nf6 8. d4
Bg4 9. d5 Bxf3 10. Bxf3 Ne5 11. e4 h4 12. Be2 hxg3 13. fxg3 Qb6 14. Bf4 Ned7
15. Qd2 Qb4 16. Bf3 Bg7 17. a3 Qb3 18. O-O Nh5 19. Bxh5 Rxh5 20. Rac1 Qb6+ 21.
Kg2 e5 22. Be3 Qd6 23. Qf2 Nf6 24. h3 Qd7 25. Rh1 Qe7 26. g4 Rh7 27. Bc5 Qd7
28. Qg3 Ng8 29. b4 f6 30. Rcd1 Bh6 31. Be3 Bxe3 32. Qxe3 Rc8 33. Rc1 Rg7 34.
Ne2 Rxc1 35. Rxc1 Ne7 36. Qb6 f5 37. Rc7 Qa4 38. Rxb7 Qc2 39. Rb8+ Nc8 40. Qe6+
Kd8 41. Qf6+ Re7 42. Qd6+ Ke8 43. Qxg6+ Kd8 44. Qd6+ Ke8 45. Qg6+ Kd8 46. Qd6+
Ke8 47. Qc6+ Qxc6 48. dxc6 Rc7 49. Rb7 Kd8 50. Rxc7 Kxc7 51. exf5 Kxc6 52. f6
Kd7 53. Kf3 Ke6 54. g5 1-0

[Event "Offene Hessische Senioren Einzelmeisters"]
[Site "Bad Sooden- Allendorf"]
[Date "2013.04.24"]
[Round "5.85"]
[White "Thielemann, Joachim"]
[Black "Rollwitz, Inge"]
[Result "1-0"]
[WhiteElo "1777"]
[BlackElo "1231"]
[PlyCount "97"]
[EventDate "2013.??.??"]
[WhiteTeam "TSV Hessenstein"]
[BlackTeam "SG Wedding e.V."]

1. e4 d6 2. Nc3 g6 3. d4 Bg7 4. Be3 Nf6 5. h3 c6 6. Bd3 O-O 7. Nge2 Nbd7 8. f4
e6 9. O-O b5 10. a3 Bb7 11. Ng3 a6 12. Nce2 c5 13. c3 c4 14. Bc2 Qc7 15. Qd2 d5
16. e5 Ne4 17. Nxe4 dxe4 18. Rae1 Rad8 19. Kh1 f5 20. g4 Rde8 21. Ng3 Rf7 22.
g5 h6 23. gxh6 Bxh6 24. Rg1 Rg7 25. Kh2 Kf7 26. h4 Qd8 27. Kh3 Rh8 28. h5 g5
29. fxg5 Bxg5 30. Bd1 Qg8 31. Qf2 Ke7 32. Ref1 Qh7 33. Qd2 Qh6 34. Bf4 Nf8 35.
Bxg5+ Rxg5 36. Qf2 Rhg8 37. Qf4 Ng6 38. Nxf5+ exf5 39. Qxg5+ Qxg5 40. Rxg5 Nf4+
41. Kh4 Bd5 42. Rxf4 Be6 43. Rxg8 Bxg8 44. Rxf5 Ke6 45. Rf6+ Ke7 46. h6 Bh7 47.
Rxa6 Bf5 48. Kg5 Bc8 49. Ra7+ 1-0

[Event "Offene Hessische Senioren Einzelmeisters"]
[Site "Bad Sooden- Allendorf"]
[Date "2013.04.24"]
[Round "5.86"]
[White "Neumann, Dr. Peter"]
[Black "Kleist, Werner"]
[Result "0-1"]
[WhiteElo "1478"]
[BlackElo "1900"]
[PlyCount "84"]
[EventDate "2013.??.??"]
[WhiteTeam "SF Ostsee Warnemünde"]
[BlackTeam "Berlin"]

1. d4 d5 2. c4 c6 3. cxd5 cxd5 4. Nc3 Nf6 5. Bg5 Bf5 6. Nf3 Nc6 7. a3 a6 8. Rc1
Rc8 9. h3 e6 10. Bf4 Be7 11. e3 O-O 12. Be2 Na5 13. O-O Nc4 14. Qb3 b5 15. Rfd1
h6 16. Ne5 Bd6 17. Bd3 Bxd3 18. Nxd3 Bxf4 19. Nxf4 Qd6 20. Nd3 Nd7 21. Qa2 Ra8
22. b4 f5 23. Re1 Nf6 24. Ne2 a5 25. Qb3 axb4 26. Qxb4 Rxa3 27. Qxd6 Nxd6 28.
Nc5 b4 29. Rb1 Rb8 30. Red1 Nfe4 31. Kf1 Nc4 32. Ke1 Nxc5 33. dxc5 Na5 34. Nd4
Rc3 35. Nxe6 b3 36. Rdc1 Rxc1+ 37. Rxc1 b2 38. Rb1 Nc4 39. Nd4 Na3 40. c6 Nxb1
41. c7 Rc8 42. Ne6 Nc3 0-1

[Event "Offene Hessische Senioren Einzelmeisters"]
[Site "Bad Sooden- Allendorf"]
[Date "2013.04.24"]
[Round "5.87"]
[White "Van Houten, Henk"]
[Black "Lübbecke, Gerd"]
[Result "1-0"]
[WhiteElo "1609"]
[BlackElo "1478"]
[Annotator ",Microsoft"]
[PlyCount "103"]
[EventDate "2013.??.??"]
[WhiteTeam "SC Gronau 1920 e.V."]
[BlackTeam "SC Friedrichsthal"]

1. b3 Nf6 2. Bb2 e6 3. c4 b6 4. Nf3 Bb7 5. e3 d5 6. a3 c5 7. d3 Nc6 8. Nbd2 Be7
9. cxd5 exd5 10. g3 O-O 11. Bg2 Nd7 12. O-O Bf6 13. d4 Re8 14. Ra2 cxd4 15.
exd4 Nf8 16. b4 Rc8 17. Nb3 Qc7 18. Ba1 Ne7 19. Bh3 Rcd8 20. Rc2 Qb8 21. Re1
Bc8 22. Bf1 Bd7 23. b5 Rc8 24. Rd2 Nf5 25. Rxe8 Rxe8 26. a4 Nd6 27. Bd3 Bf5 28.
Bxf5 Nxf5 29. Re2 Ng6 30. Qd3 Rxe2 $11 31. Qxe2 Kf8 32. Qc2 Nfe7 33. Bb2 Qc8
34. Qe2 Qe6 35. Ne5 Nxe5 $11 36. dxe5 Bxe5 37. Qxe5 Qxe5 38. Bxe5 f6 39. Bb8
Nc8 40. Nd4 Ke8 41. Nc6 Kd7 42. Kf1 a5 43. Ke2 Nd6 44. Bxd6 Kxd6 45. Kd3 Kc5
46. Kc3 g5 47. Nd4 h5 48. Nb3+ Kd6 49. Kd4 f5 50. f4 g4 51. Nd2 Ke6 52. Nf1 1-0

[Event "Offene Hessische Senioren Einzelmeisters"]
[Site "Bad Sooden- Allendorf"]
[Date "2013.04.24"]
[Round "5.88"]
[White "Zoll, Theo"]
[Black "Hopp, Dr. Barbara"]
[Result "0-1"]
[WhiteElo "1582"]
[BlackElo "1464"]
[PlyCount "85"]
[EventDate "2013.??.??"]
[WhiteTeam "ESV Rot-Weiß Göttingen"]
[BlackTeam "SV Oberursel"]

1. d4 Nf6 2. Bf4 d6 3. Nf3 g6 4. e3 Bg7 5. Be2 O-O 6. O-O Nbd7 7. c3 a6 8. a4
b6 9. h3 Bb7 10. Nbd2 c5 11. Re1 Re8 12. Bh2 Qc7 13. Qc2 e5 14. dxe5 dxe5 15.
Nf1 Bc6 16. N3d2 Qb7 17. Bf3 e4 18. Be2 Ne5 19. Nc4 Nxc4 20. Bxc4 b5 21. axb5
axb5 22. Be2 c4 23. Bd6 Nd7 24. g4 Be5 25. Bb4 Bf6 26. Ng3 Bh4 27. Kg2 Bxg3 28.
fxg3 Ne5 29. Rf1 Nd3 30. Ba3 Kg7 31. b3 Qb6 32. Bd6 Rxa1 33. Rxa1 Qxe3 34. Rf1
cxb3 35. Qd1 b2 36. Rxf7+ Kxf7 37. Qf1+ Kg7 38. Bf4 Nxf4+ 39. gxf4 Qxc3 40. f5
e3+ 41. Kg1 Rf8 42. Bd3 Qc1 43. fxg6 0-1

[Event "Offene Hessische Senioren Einzelmeisters"]
[Site "Bad Sooden- Allendorf"]
[Date "2013.04.24"]
[Round "5.89"]
[White "Knaak, Hans"]
[Black "Dombrowe, Eckehard"]
[Result "0-1"]
[WhiteElo "1463"]
[BlackElo "1562"]
[PlyCount "54"]
[EventDate "2013.??.??"]
[WhiteTeam "Forster SC 95"]
[BlackTeam "SG Nettetal 1929"]

1. d4 d5 2. c4 e6 3. Nf3 Nf6 4. Nc3 Be7 5. e3 O-O 6. Be2 dxc4 7. Bxc4 Nbd7 8.
O-O Nb6 9. Bd3 Bd7 10. Bd2 c5 11. dxc5 Bxc5 12. Rc1 Rc8 13. Bb1 Re8 14. Ne4 Be7
15. Ba5 Rxc1 16. Qxc1 Bc6 17. Rd1 Qb8 18. Nxf6+ Bxf6 19. Qc2 g6 20. Bxb6 axb6
21. Nd4 Rc8 22. Qb3 Rd8 23. Qxb6 e5 24. b4 exd4 25. b5 dxe3 26. Rxd8+ Bxd8 27.
Qc5 e2 0-1

[Event "Offene Hessische Senioren Einzelmeisters"]
[Site "Bad Sooden- Allendorf"]
[Date "2013.04.24"]
[Round "5.90"]
[White "Wieprecht, Gerhard"]
[Black "Fuhlrott, Heinz"]
[Result "1-0"]
[WhiteElo "1639"]
[BlackElo "1489"]
[PlyCount "64"]
[EventDate "2013.??.??"]
[WhiteTeam "SV CAISSA e. V. Kassel"]
[BlackTeam "MTV Fichte Winsen"]

1. e4 e5 2. Nf3 Nc6 3. Bb5 f5 4. d4 exd4 5. e5 Bb4+ 6. c3 dxc3 7. Nxc3 Nge7 8.
O-O a6 9. Ba4 b5 10. Bb3 Bb7 11. Nd5 h6 12. a3 Ba5 13. Qd3 Nxd5 14. Qxd5 Qe7
15. Be3 Nd8 16. Qd1 Ne6 17. Rc1 Rf8 18. Bxe6 Qxe6 19. Bc5 Rf7 20. b4 Bb6 21.
Re1 f4 22. Nd4 Qg6 23. f3 a5 24. e6 dxe6 25. Rxe6+ Qxe6 26. Nxe6 Bxc5+ 27. Nxc5
Rd8 28. Qe2+ Re7 29. Qxb5+ c6 30. Qb6 Ba8 31. Ne4 axb4 32. Qxb4 Kf7 1-0

[Event "Offene Hessische Senioren Einzelmeisters"]
[Site "Bad Sooden- Allendorf"]
[Date "2013.04.24"]
[Round "5.91"]
[White "Richter, Stefan"]
[Black "Köhler, Marianne"]
[Result "0-1"]
[WhiteElo "1556"]
[BlackElo "1438"]
[PlyCount "86"]
[EventDate "2013.??.??"]
[WhiteTeam "SV Empor West Zwickau"]
[BlackTeam "SG 2011 Sennewit"]

1. e4 e6 2. d4 d5 3. e5 c5 4. c3 cxd4 5. cxd4 Bd7 6. Bd2 Qb6 7. Bc3 Ne7 8. Nf3
h6 9. Be2 Bb5 10. a4 Bxe2 11. Qxe2 Qa6 12. Qc2 Qc6 13. O-O Ng6 14. Qd2 Be7 15.
Bb4 Bxb4 16. Qxb4 Qd7 17. Nc3 Nc6 18. Qa3 a6 19. b4 Qe7 20. Rab1 O-O 21. Qc1
Nh4 22. Nxh4 Qxh4 23. f4 Nxd4 24. Qd2 Nc6 25. b5 Na7 26. g3 Qe7 27. Qd4 Rfc8
28. Rfc1 Rc4 29. Qd3 Qc5+ 30. Kg2 Qe7 31. h3 Rac8 32. b6 Nc6 33. Ne2 Na5 34.
Rxc4 Rxc4 35. Qd2 Qc5 36. Rc1 Qxb6 37. Rxc4 Nxc4 38. Qc1 Qb4 39. Nc3 b6 40. Kh2
g6 41. Qc2 Kg7 42. Na2 Qe1 43. Nc1 Qf1 0-1

[Event "Offene Hessische Senioren Einzelmeisters"]
[Site "Bad Sooden- Allendorf"]
[Date "2013.04.24"]
[Round "5.92"]
[White "Rother, Wilfried"]
[Black "Garbe, Eckhard"]
[Result "1/2-1/2"]
[WhiteElo "1545"]
[BlackElo "1434"]
[PlyCount "22"]
[EventDate "2013.??.??"]
[WhiteTeam "SK 1950 Vellmar"]
[BlackTeam "SV Blau-Weiß Grevesmühlen"]

1. e4 c5 2. Nf3 Nc6 3. d4 cxd4 4. Nxd4 e6 5. Be3 a6 6. Nc3 Bb4 7. Nxc6 Bxc3+ 8.
bxc3 dxc6 9. Bc5 Nf6 10. e5 Nd5 11. Qg4 g6 1/2-1/2

[Event "Offene Hessische Senioren Einzelmeisters"]
[Site "Bad Sooden- Allendorf"]
[Date "2013.04.24"]
[Round "5.93"]
[White "Winkler, Werner"]
[Black "Daebel, Dr. Hasso"]
[Result "0-1"]
[WhiteElo "1351"]
[BlackElo "1538"]
[PlyCount "66"]
[EventDate "2013.??.??"]
[WhiteTeam "SK Bad Sooden-Allendorf"]
[BlackTeam "Drewer (Marl) SG"]

1. e4 c5 2. Bc4 Nc6 3. Nc3 a6 4. a3 Nf6 5. d3 e6 6. Nf3 b5 7. Ba2 Bd6 8. h3 h6
9. Qe2 Qc7 10. Bd2 Ne5 11. Nh2 Ng6 12. Ng4 Nxg4 13. Qxg4 Be5 14. Rb1 Bb7 15.
Nd1 h5 16. Qe2 O-O-O 17. c4 Nf4 18. Bxf4 Bxf4 19. O-O d5 20. cxb5 axb5 21. Nc3
Qc6 22. f3 d4 23. Nd1 Bc7 24. Qd2 Qd6 25. f4 f6 26. b4 e5 27. f5 c4 28. dxc4
bxc4 29. Bxc4 Bxe4 30. Be6+ Kb8 31. a4 Bxb1 32. b5 e4 33. Qb2 Qh2+ 0-1

[Event "Offene Hessische Senioren Einzelmeisters"]
[Site "Bad Sooden- Allendorf"]
[Date "2013.04.24"]
[Round "5.94"]
[White "Fuchs, Manfred"]
[Black "Schumacher, Ursula"]
[Result "1/2-1/2"]
[WhiteElo "1523"]
[BlackElo "1383"]
[PlyCount "23"]
[EventDate "2013.??.??"]
[WhiteTeam "SC Erkrath 1973"]
[BlackTeam "HTC Bad Neuenahr"]

1. d4 c6 2. c4 d5 3. cxd5 cxd5 4. Nc3 Nf6 5. Bf4 Nc6 6. e3 Bf5 7. Nf3 e6 8. a3
a6 9. Rc1 Be7 10. Be2 O-O 11. O-O Rc8 12. h3 1/2-1/2

[Event "Offene Hessische Senioren Einzelmeisters"]
[Site "Bad Sooden- Allendorf"]
[Date "2013.04.24"]
[Round "5.95"]
[White "Borkenhagen, Bernd"]
[Black "Graffenberger, Wilhelm"]
[Result "1-0"]
[WhiteElo "1340"]
[BlackElo "1515"]
[PlyCount "81"]
[EventDate "2013.??.??"]
[WhiteTeam "SK Rinteln"]
[BlackTeam "Hamburger SK von 1830 eV"]

1. d4 Nf6 2. e3 d6 3. Be2 Nc6 4. a3 g6 5. c3 Bg7 6. Nf3 O-O 7. O-O d5 8. Nbd2
Bf5 9. h3 Re8 10. Bb5 a6 11. Bxc6 bxc6 12. b4 Ne4 13. Bb2 Rb8 14. Nxe4 Bxe4 15.
Re1 a5 16. Qe2 axb4 17. axb4 Qd6 18. Ra5 Qf6 19. Nd2 Bf5 20. Qf3 Qd6 21. e4
dxe4 22. Nxe4 Bxe4 23. Qxe4 e6 24. Rc5 Rb6 25. Bc1 Ra8 26. Bf4 Qd7 27. Be5 Bf8
28. Ra5 Rxa5 29. bxa5 Rb5 30. Ra1 Bd6 31. a6 Rb8 32. a7 Ra8 33. Qb1 Qc8 34. Bf6
c5 35. Ra2 cxd4 36. cxd4 c6 37. Qb6 Qd7 38. Ra6 Rc8 39. a8=Q h5 40. Qxc8+ Qxc8
41. Qxc6 1-0

[Event "Offene Hessische Senioren Einzelmeisters"]
[Site "Bad Sooden- Allendorf"]
[Date "2013.04.24"]
[Round "5.96"]
[White "Minarsch, Hans"]
[Black "Knobling, Rolf"]
[Result "1-0"]
[WhiteElo "1512"]
[BlackElo "1342"]
[PlyCount "41"]
[EventDate "2013.??.??"]
[WhiteTeam "1.Hainstädter SC 1950"]
[BlackTeam "USV Erfurt Abteilung Schach"]

1. e4 c5 2. c3 e5 3. Nf3 Nc6 4. Bb5 d6 5. O-O Bd7 6. d4 cxd4 7. cxd4 f5 8. Nc3
a6 9. Bc4 b5 10. Bd5 Rc8 11. dxe5 dxe5 12. Bxg8 Rxg8 13. Nd5 Bc5 14. Qb3 Rf8
15. Bd2 Nd4 16. Nxd4 Bxd4 17. Bb4 Rf7 18. Rac1 Bc6 19. Qa3 Ra7 20. Ba5 Rac7 21.
Rxc6 1-0